Obálka Náhled e-knihy:
PDF Epub
Pro půjčování e-knih musíte být přihlášeni.
Jak si půjčit online?

Tma /

Na Štedrý deň objaví rozhlasová moderátorka v schránke list od ženy, ktorá sa chystá spáchať samovraždu. Na druhý deň ráno zavolá do rádia neznámy muž a obviní ju z toho, že nič nepodnikla na jej záchranu. Čoskoro sa obvinenia, urážky a dokonca hrozby znásobia, akoby sa niekto usiloval prevziať kont...

Celý popis

Uloženo v:
Série:Martin Servaz (SK), část 3
Hlavní autor: Minier, Bernard (Autor)
Médium: E-kniha
Jazyk:Czech
Vydáno: Praha : Albatros Media Slovakia s.r.o., 2024
Příbuzné jednotky:Z cyklu:: Martin Servaz (SK)
Tagy:
Žádné tagy
LEADER 01462nam a22002417i 4500
001 312410
007 ta
008 260601s2024 xr ||||| |||| 00| 0 cze d
020 |a 9788056638576 
044 |a xr 
100 1 |a  Minier, Bernard  |4 aut 
245 1 0 |a Tma /  |c  Minier, Bernard 
240 1 0 |a N´Eteins pas le lumiére 
264 1 |a Praha :  |b Albatros Media Slovakia s.r.o.,  |c 2024 
300 |a 1 online zdroj (592 stran) 
336 |a text  |b txt  |2 rdacontent 
337 |a bez média  |b n  |2 rdamedia 
338 |a online zdroj  |b cr  |2 rdacarrier 
520 2 |a Na Štedrý deň objaví rozhlasová moderátorka v schránke list od ženy, ktorá sa chystá spáchať samovraždu. Na druhý deň ráno zavolá do rádia neznámy muž a obviní ju z toho, že nič nepodnikla na jej záchranu. Čoskoro sa obvinenia, urážky a dokonca hrozby znásobia, akoby sa niekto usiloval prevziať kontrolu nad jej životom... Čo ak sú naši blízki celkom iní, než sa zdá? 
787 0 8 |g 3  |i Z cyklu:  |t Martin Servaz (SK) 
910 |a RBIT002 
998 |d 405996  |a https://core.palmknihy.cz/api/books/405996/cover?sefi8w  |b https://core.palmknihy.cz/api/books/405996/cover/400?sefi8w  |c https://core.palmknihy.cz/api/books/405996/cover/50?sefi8w  |e 2027-03-16  |g 592  |i 9788056638576  |j https://core.palmknihy.cz/api/books/405996/preview.epub  |k https://core.palmknihy.cz/api/books/405996/preview.pdf  |l   |q 49  |r 1  |s https://www.palmknihy.cz/kniha/405996  |t ebook  |y 2024  |z 1  |v Martin Servaz (SK)  |w 3 
999 |d 312408